Chile 1997: un país con visión de futuro
Furkejuvvon:
| Materiálatiipa: | Girji |
|---|---|
| Giella: | espánnjágiella |
| Almmustuhtton: |
Santiago
Nacional Undurraga
1996
|
| Fáttát: | |
| Fáddágilkorat: |
Lasit fáddágilkoriid
Eai fáddágilkorat, Lasit vuosttaš fáddágilkora!
|
MARC
| LEADER | 00000nam a2200000 a 4500 | ||
|---|---|---|---|
| 001 | UCT6114 | ||
| 003 | CL-VaPUC | ||
| 008 | 961230e19960000CL |||||||||||||||||spa|d | ||
| 082 | 0 | 4 | |a 330.983 |b CHI |2 21 |
| 245 | 1 | 0 | |a Chile 1997: un país con visión de futuro |
| 300 | |a 34 p | ||
| 942 | |c BK | ||
| 945 | |d 19961230 00:00:00 |a nastorga | ||
| 260 | |a Santiago |b Nacional Undurraga |c 1996 | ||
| 650 | 0 | |a Economía |9 255568 | |
| 650 | 0 | |a Población |9 257577 | |
| 650 | 0 | |a Ahorro |9 351157 | |
| 650 | 0 | |a Empleo |9 339124 | |
| 650 | 0 | |a Inversiones |9 345867 | |
| 650 | 7 | |a TRANSPORTE |2 CL-VaPUC |9 256365 | |
| 650 | 0 | |a Agricultura |9 255598 | |
| 650 | 7 | |a SECTOR PESQUERO |2 CL-VaPUC |9 326876 | |
| 650 | 0 | |a Energía |9 259431 | |
| 650 | 0 | |a Minería |9 326008 | |
| 650 | 0 | |a Desarrollo social |9 264534 | |
| 650 | 0 | |a Vivienda |9 258662 | |
| 650 | 0 | |a Salud |9 258663 | |
| 650 | 7 | |a PREVISION SOCIAL |2 CL-VaPUC |9 327977 | |
| 650 | 0 | |a Educación |9 258661 | |
| 650 | 0 | |a Telecomunicaciones |9 257195 | |
| 650 | 0 | |a Turismo |9 308920 | |
| 650 | 7 | |a RECREACION |2 CL-VaPUC |9 375896 | |
| 650 | 0 | |a Obras públicas |9 261125 | |
| 583 | |a last modification |c 19961230 00:00:00 |k Rodrigo Vera | ||
| 999 | |c 254841 |d 254839 | ||